000
00306nam a2200121Ia 4500
008
150731s2013 xx 000 0 und d
082
_a
615.53
_b
T 13 M
100
_a
MUSALGAVAKAR,RAJESHVAR SHASHTRI
245
_a
TARK SAGRAH
260
_b
CHAUKHAMBHA PUB. NEW DELHI
_c
2013
300
_a
267
942
_2
ddc
_c
BK
999
_c
7864
_d
7864